[Event "New Zealand Major Open 2016"]
[Site "Devonport, Auckland NZL"]
[Date "2016.01.04"]
[Round "3.1"]
[White "Krstev, Antonio"]
[Black "Rains, Timothy"]
[Result "1-0"]
[WhiteElo "2046"]
[BlackElo "1819"]
[PlyCount "151"]
[EventDate "2016.01.02"]

1. d4 Nf6 2. c4 e6 3. Nc3 b6 4. e4 d6 5. Be3 Bb7 6. f3 Be7 7. Nge2 Nbd7 8. g4
c5 9. Ng3 cxd4 10. Bxd4 O-O 11. Be2 a6 12. O-O Rc8 13. Rc1 Qc7 14. Qd2 Qb8 15.
Qe3 Ba8 16. Qf2 Bd8 17. Bd3 Nc5 18. Bb1 h6 19. Qc2 Ncd7 20. Qd3 Re8 21. b3 Bc7
22. Nce2 Red8 23. Qe3 d5 24. g5 e5 25. Bb2 d4 26. Qd2 hxg5 27. Nf5 Nh7 28. Ne7+
Kh8 29. Ng3 g6 30. Qg2 Bd6 31. Nxc8 Qxc8 32. Rcd1 Bc5 33. Bd3 Ndf8 34. Nh1 Ne6
35. Nf2 Bc6 36. Bc1 Kg7 37. Ng4 f6 38. Qh3 Rh8 39. a3 a5 40. Nf2 Bd7 41. Qg2
Nf4 42. Bxf4 gxf4 43. b4 axb4 44. axb4 Bxb4 45. Rb1 Bc5 46. Ra1 Ng5 47. Ra2 Bb4
48. Rb1 Ba5 49. Rc1 Qg8 50. Rca1 Qd8 51. c5 Be6 52. Rc2 Bc3 53. Ra7+ Nf7 54.
cxb6 Qxb6 55. Ra6 Qb3 56. Qf1 Rc8 57. Rc1 Ng5 58. Ra7+ Kf8 59. Ng4 Bxg4 60.
fxg4 Qb8 61. Ra6 Kg7 62. Rb1 Qc7 63. Rbb6 Qe7 64. Qb1 Rc7 65. Rxf6 Nf3+ 66. Kh1
Nh4 67. Qb6 Bd2 68. Rxg6+ Kf7 69. Rf6+ Kg7 70. Rc6 Rb7 71. Rg6+ Kh7 72. Rh6+
Kg7 73. Rh7+ Kxh7 74. Qh6+ Kg8 75. Bc4+ Qf7 76. Ra8+ 1-0

[Event "New Zealand Major Open 2016"]
[Site "Devonport, Auckland NZL"]
[Date "2016.01.04"]
[Round "3.2"]
[White "Gallage K G, Roshan"]
[Black "Fuatai, Fuatai"]
[Result "1/2-1/2"]
[WhiteElo "1800"]
[BlackElo "1971"]
[PlyCount "110"]
[EventDate "2016.01.02"]

1. e4 c5 2. Nf3 d6 3. d4 cxd4 4. Nxd4 Nf6 5. Nc3 a6 6. a4 g6 7. Bc4 Bg7 8. f3
O-O 9. Be3 Qc7 10. Bb3 Nc6 11. Nxc6 bxc6 12. Qd2 Re8 13. Bh6 Bh8 14. h4 d5 15.
Qg5 Nh5 16. O-O-O Ng3 17. Rhe1 Bf6 18. Qe3 Bxh4 19. Bg5 Bxg5 20. Qxg5 d4 21.
Rxd4 Nh5 22. e5 Kg7 23. g4 f6 24. Qe3 fxe5 25. Qxe5+ Qxe5 26. Rxe5 Nf6 27. Ne4
Nxe4 28. Rdxe4 Ra7 29. Bc4 e6 30. Rc5 Rc7 31. g5 Kf7 32. Rd4 Ke7 33. Kd2 Rd8
34. Rxd8 Kxd8 35. Ke3 Rf7 36. Rxc6 Bb7 37. Rd6+ Kc7 38. Rxe6 Rxf3+ 39. Ke2 Rf5
40. Re7+ Kb6 41. Rxh7 Rxg5 42. Bd3 Rg4 43. Rh6 Rxa4 44. Rxg6+ Kc5 45. b3 Ra1
46. Kd2 a5 47. Kc3 Bc6 48. Rg5+ Kb6 49. Rg6 Kc5 50. Rg5+ Kb6 51. Kd4 a4 52. b4
Rh1 53. c4 Rh4+ 54. Kc3 Rh3 55. Kd4 Rh4+ 1/2-1/2

[Event "New Zealand Major Open 2016"]
[Site "Devonport, Auckland NZL"]
[Date "2016.01.04"]
[Round "3.3"]
[White "Kumar, Vinod"]
[Black "Lyall, Simon"]
[Result "1/2-1/2"]
[WhiteElo "1939"]
[BlackElo "1811"]
[PlyCount "81"]
[EventDate "2016.01.02"]

1. d4 d5 2. c4 c6 3. Nc3 Nf6 4. Nf3 dxc4 5. a4 Bf5 6. e3 e6 7. Bxc4 Bb4 8. O-O
O-O 9. Bd3 Bxd3 10. Qxd3 Nbd7 11. Rd1 c5 12. dxc5 Nxc5 13. Qc4 Qb6 14. a5 Bxa5
15. Rxa5 Qxa5 16. b4 Qa6 17. Qxc5 Rac8 18. Qe5 Qc4 19. Bb2 Qxb4 20. Ba1 Qb3 21.
Rf1 Qc4 22. Nd2 Qc7 23. Qg5 h6 24. Qh4 Qa5 25. Nce4 Nxe4 26. Nxe4 Qd8 27. Nf6+
gxf6 28. Bxf6 Qd3 29. e4 Kh7 30. Bg5 f5 31. Bxh6 Qxe4 32. Bf4+ Kg8 33. Qg5+ Kf7
34. Qh5+ Kg8 35. Qg5+ Kf7 36. Qh5+ Kg8 37. Qg6+ Kh8 38. Qh6+ Kg8 39. Qg6+ Kh8
40. Qh5+ Kg8 41. Qg6+ 1/2-1/2

[Event "New Zealand Major Open 2016"]
[Site "Devonport, Auckland NZL"]
[Date "2016.01.04"]
[Round "3.4"]
[White "Aldridge, Alan L"]
[Black "Goh, Sean Christian"]
[Result "1/2-1/2"]
[WhiteElo "1865"]
[BlackElo "1739"]
[PlyCount "55"]
[EventDate "2016.01.02"]

1. d4 d5 2. c4 e6 3. Nf3 Nf6 4. Bg5 Nbd7 5. Nc3 c6 6. e3 Qa5 7. Bxf6 Nxf6 8.
Qc2 Ne4 9. Nd2 Nxd2 10. Qxd2 Bb4 11. Bd3 O-O 12. O-O h6 13. a3 Bxc3 14. bxc3 b6
15. Rfc1 dxc4 16. Bxc4 Ba6 17. Bxa6 Qxa6 18. c4 Rad8 19. c5 e5 20. cxb6 Qxb6
21. Rab1 Qa6 22. Rb3 exd4 23. exd4 Qa4 24. Qb4 Rxd4 25. Qxa4 Rxa4 26. Rxc6 Rd8
27. g3 Rd1+ 28. Kg2 1/2-1/2

[Event "New Zealand Major Open 2016"]
[Site "Devonport, Auckland NZL"]
[Date "2016.01.04"]
[Round "3.5"]
[White "Goh, Ethan"]
[Black "Wells, Clinton A"]
[Result "1/2-1/2"]
[WhiteElo "1668"]
[BlackElo "1931"]
[PlyCount "49"]
[EventDate "2016.01.02"]

1. e4 e6 2. d3 d5 3. Nd2 Be7 4. Ngf3 c5 5. g3 b6 6. Bg2 Bb7 7. O-O Nf6 8. Qe2
Nc6 9. c3 Qc7 10. Re1 dxe4 11. dxe4 O-O-O 12. Nc4 e5 13. Bh3+ Kb8 14. Ncxe5
Nxe5 15. Nxe5 Bd6 16. Bg2 Bxe5 17. f4 Bd6 18. e5 Rhe8 19. exd6 Qxd6 20. Be3 Nd5
21. Qf2 Nxe3 22. Bxb7 Kxb7 23. Rxe3 Rxe3 24. Qxe3 g6 25. Re1 1/2-1/2

[Event "New Zealand Major Open 2016"]
[Site "Devonport, Auckland NZL"]
[Date "2016.01.03"]
[Round "2.5"]
[White "Bryan, Jason"]
[Black "Goh, Ethan"]
[Result "1/2-1/2"]
[WhiteElo "1833"]
[BlackElo "1668"]
[PlyCount "184"]
[EventDate "2016.01.02"]

1. c4 c5 2. Nc3 Nc6 3. g3 g6 4. Bg2 Bg7 5. Nf3 d6 6. O-O e5 7. a3 Nge7 8. d3
O-O 9. e4 f5 10. Ne1 f4 11. g4 Nd4 12. f3 g5 13. Nc2 Nb3 14. Rb1 h5 15. h3 hxg4
16. fxg4 Kf7 17. Ne1 Nd4 18. b4 Ng6 19. Nf3 Nxf3+ 20. Bxf3 Rh8 21. Kg2 Nh4+ 22.
Kf2 b6 23. Bd2 Qf6 24. Nd5 Qh6 25. Rh1 Ng6 26. Ke2 Ne7 27. Be1 Nc6 28. Bf2 Be6
29. Nc7 Rac8 30. Nd5 Bxd5 31. exd5 Nd4+ 32. Bxd4 exd4 33. Qa4 Rhe8+ 34. Be4 Rc7
35. Kf3 Qf6 36. Rbe1 Rce7 37. Re2 Qh6 38. Qd1 Qh4 39. Qe1 Qxe1 40. Rexe1 Bf6
41. bxc5 dxc5 42. a4 Rb8 43. Bf5 Re3+ 44. Rxe3 dxe3 45. h4 gxh4 46. Kxf4 e2 47.
Ke3 a6 48. Kxe2 b5 49. Rb1 b4 50. Kf3 b3 51. Kf4 b2 52. g5 Bg7 53. d6 Rh8 54.
Ke4 h3 55. Kd5 Bd4 56. Kc6 h2 57. Be4 Bg1 58. Bd5+ Kg6 59. d7 Bd4 60. Kb7 a5
61. Kb6 Kxg5 62. Kxa5 Rd8 63. Bc6 Bg1 64. Rxb2 Rxd7 65. Kb5 Rxd3 66. a5 Kg4 67.
Ka4 Rf3 68. Bxf3+ Kxf3 69. Rxh2 Bxh2 70. a6 Bb8 71. Kb5 Ba7 72. Kc6 Ke3 73. Kb7
Kd4 74. Kxa7 Kxc4 75. Kb7 Kb3 76. a7 c4 77. a8=Q c3 78. Ka6 c2 79. Qb7+ Ka2 80.
Qc6 Kb2 81. Qb5+ Ka2 82. Qc4+ Kb2 83. Qd4+ Ka2 84. Qc3 Kb1 85. Qb3+ Ka1 86.
Qa4+ Kb2 87. Qb5+ Ka2 88. Qd5+ Kb2 89. Qd4+ Kb1 90. Qd3 Kb2 91. Qd2 Kb1 92.
Qb4+ Ka2 1/2-1/2

[Event "New Zealand Major Open 2016"]
[Site "Devonport, Auckland NZL"]
[Date "2016.01.04"]
[Round "3.7"]
[White "Li, Rodney Xiang Rei"]
[Black "Bryan, Jason"]
[Result "1/2-1/2"]
[WhiteElo "1479"]
[BlackElo "1833"]
[PlyCount "119"]
[EventDate "2016.01.02"]

1. e4 c6 2. d4 d5 3. Nc3 e6 4. a3 dxe4 5. Nxe4 Nf6 6. Bg5 Be7 7. Qd3 h6 8. Be3
Nbd7 9. f3 Qc7 10. O-O-O b6 11. Ne2 Bb7 12. N2c3 O-O-O 13. Qd2 e5 14. Bc4 exd4
15. Bxd4 Nxe4 16. Nxe4 Ne5 17. Bxe5 Rxd2 18. Bxc7 Rxd1+ 19. Rxd1 Kxc7 20. Bxf7
Rd8 21. Rxd8 Bxd8 22. Kd2 Ba6 23. Ke3 Kd7 24. Kd4 Ke7 25. Bc4 c5+ 26. Kd3 Bb7
27. Nc3 a6 28. Bd5 Bc8 29. Ke4 g6 30. g4 Kd6 31. Ne2 Bf6 32. b3 a5 33. a4 Ba6
34. c4 Bc8 35. Nf4 g5 36. Ne2 Be5 37. h3 Bd7 38. f4 gxf4 39. Nxf4 Bg7 40. Ne2
h5 41. Kf4 hxg4 42. hxg4 Bh6+ 43. Kf3 Ke5 44. Be4 Bxg4+ 45. Kxg4 Kxe4 46. Nc3+
Kd3 47. Nd5 Kc2 48. Nxb6 Kxb3 49. Kf5 Kb4 50. Ke5 Bg5 51. Kd5 Bd8 52. Kc6 Bxb6
53. Kxb6 Kxa4 54. Kxc5 Kb3 55. Kb5 a4 56. c5 a3 57. c6 a2 58. c7 a1=Q 59. c8=Q
Qa4+ 60. Kb6 1/2-1/2

[Event "New Zealand Major Open 2016"]
[Site "Devonport, Auckland NZL"]
[Date "2016.01.04"]
[Round "3.8"]
[White "Steadman, Mathew"]
[Black "Michael, Andrew"]
[Result "0-1"]
[WhiteElo "1473"]
[BlackElo "1741"]
[PlyCount "92"]
[EventDate "2016.01.02"]

1. f4 Nf6 2. Nf3 c5 3. g3 Nc6 4. Bg2 g6 5. O-O d5 6. d3 Bg7 7. c3 O-O 8. Qe1
Qb6 9. Kh1 Re8 10. e4 dxe4 11. dxe4 e5 12. Nbd2 Qc7 13. Nc4 Ng4 14. h3 b5 15.
hxg4 bxc4 16. f5 Bd7 17. Be3 Rab8 18. Qe2 Nd8 19. Rab1 h6 20. Rfd1 Bb5 21. Nd2
Ba4 22. Re1 Bc2 23. Rbc1 Bd3 24. Qf2 Rxb2 25. a3 Nb7 26. Qg1 Bf8 27. Bf1 Nd6
28. Bxd3 cxd3 29. Rcd1 c4 30. Bc5 Rc8 31. Bxa7 Nb5 32. Bb6 Qb7 33. Nf3 Bd6 34.
Rb1 Nxc3 35. Rxb2 Nxe4 36. Bd4 Qd5 37. Nxe5 Nxg3+ 38. Kh2 Ne2 39. Rbxe2 dxe2
40. Rxe2 f6 41. Kh3 fxe5 42. Bc3 Qf3+ 43. Qg3 Qxe2 44. fxg6 Qd3 45. Qxd3 cxd3
46. a4 Rxc3 0-1

[Event "New Zealand Major Open 2016"]
[Site "Devonport, Auckland NZL"]
[Date "2016.01.04"]
[Round "3.9"]
[White "Song, Kate"]
[Black "Eade, Don"]
[Result "0-1"]
[WhiteElo "1587"]
[BlackElo "1874"]
[PlyCount "116"]
[EventDate "2016.01.02"]

1. e4 c5 2. Nf3 Nc6 3. Nc3 d6 4. Bb5 Bd7 5. O-O Nf6 6. Re1 g6 7. d4 cxd4 8.
Nxd4 Bg7 9. Be3 O-O 10. Qd2 Re8 11. Rad1 Rc8 12. f3 a6 13. Bxc6 bxc6 14. Qf2
Rb8 15. Bc1 c5 16. Nb3 Qc7 17. Nd5 Nxd5 18. Rxd5 c4 19. Nd4 e6 20. Rg5 Bf6 21.
c3 e5 22. Nf5 Bxg5 23. Bxg5 Bxf5 24. exf5 f6 25. Bxf6 Qb6 26. fxg6 Qxf2+ 27.
Kxf2 Rxb2+ 28. Re2 Rxe2+ 29. Kxe2 hxg6 30. Kd2 Kf7 31. Bg5 Ke6 32. g4 Kd5 33.
h4 e4 34. Ke3 exf3+ 35. Kxf3 Re1 36. h5 gxh5 37. gxh5 Ke6 38. h6 Kf7 39. Bf4 d5
40. Kg4 Kg6 41. Kf3 Ra1 42. Ke3 Rxa2 43. Kd4 Rf2 44. Be3 Rf3 45. Bc1 Rd3+ 46.
Kc5 Rxc3 47. Bf4 Rd3 48. Kb4 Rh3 49. Kc5 Rxh6 50. Kxd5 c3 51. Bc1 Rh1 52. Ba3
Ra1 53. Bb4 c2 54. Kc5 c1=Q+ 55. Kb6 Qc4 56. Bd2 Rb1+ 57. Ka7 Qc7+ 58. Kxa6
Qb6# 0-1

[Event "New Zealand Major Open 2016"]
[Site "Devonport, Auckland NZL"]
[Date "2016.01.04"]
[Round "3.10"]
[White "Meng, Richard"]
[Black "Booth, Anthony J"]
[Result "1/2-1/2"]
[WhiteElo "1525"]
[BlackElo "1766"]
[PlyCount "104"]
[EventDate "2016.01.02"]

1. c4 Nf6 2. Nc3 d5 3. cxd5 Nxd5 4. g3 Nxc3 5. bxc3 c6 6. Bg2 e5 7. Nf3 Bd6 8.
O-O O-O 9. Qc2 h6 10. Bb2 Be6 11. d4 Nd7 12. Rfd1 Qc7 13. Qd2 e4 14. Ne1 f5 15.
Nc2 Nf6 16. Ba3 Bxa3 17. Nxa3 Qa5 18. Nc2 Nd5 19. c4 Nc3 20. Ne3 Qa3 21. Rdc1
Na4 22. Nc2 Qe7 23. c5 b5 24. Nb4 Qd7 25. Rd1 a5 26. Nxc6 Qxc6 27. d5 Qxc5 28.
Rac1 Qxd5 29. Qxd5 Bxd5 30. Rxd5 b4 31. Rc7 Nc3 32. Rdd7 Rf6 33. Rxg7+ Kf8 34.
g4 Rd8 35. h3 Nxe2+ 36. Kh2 Nf4 37. Rh7 Kg8 38. Rhg7+ Kf8 39. Rh7 Rg6 40. Rh8+
Rg8 41. Rhh7 Nd5 42. Rcf7+ Ke8 43. gxf5 Rd6 44. Bxe4 Nf6 45. Re7+ Kd8 46. Rhf7
Nxe4 47. Rxe4 Rd2 48. Ree7 Rxf2+ 49. Kh1 Rd2 50. Ra7 Ke8 51. Rfb7 Rd1+ 52. Kh2
Rd2+ 1/2-1/2

[Event "New Zealand Major Open 2016"]
[Site "Devonport, Auckland NZL"]
[Date "2016.01.04"]
[Round "3.11"]
[White "Qin, Oscar Shu Xuan"]
[Black "Pakenham, John"]
[Result "0-1"]
[WhiteElo "1435"]
[BlackElo "1733"]
[PlyCount "94"]
[EventDate "2016.01.02"]

1. e4 Nf6 2. e5 Nd5 3. d4 d6 4. c4 Nb6 5. f4 Bf5 6. Nf3 e6 7. b3 Be7 8. Bb2
N8d7 9. Nc3 O-O 10. Bd3 Bxd3 11. Qxd3 a6 12. g4 c5 13. O-O-O cxd4 14. Qxd4 dxe5
15. Nxe5 Bf6 16. Rhe1 Nxe5 17. fxe5 Qxd4 18. Rxd4 Bg5+ 19. Kb1 Rfd8 20. Red1
Rxd4 21. Rxd4 Rd8 22. Rxd8+ Bxd8 23. Ne4 Nd7 24. b4 Bc7 25. Nd6 b6 26. h3 f6
27. Ne8 Bxe5 28. Bxe5 Nxe5 29. c5 bxc5 30. bxc5 Kf7 31. Nc7 a5 32. Nb5 Ke7 33.
Nd6 Kd7 34. Nb7 a4 35. Kc2 f5 36. gxf5 exf5 37. Nd6 f4 38. Ne4 Kc6 39. Kc3 Kd5
40. Nf2 Kxc5 41. Ne4+ Kd5 42. Nf2 Nc6 43. a3 h5 44. Nd3 Ke4 45. Nc5+ Ke3 46.
Nd3 g5 47. Ne1 f3 0-1

[Event "New Zealand Major Open 2016"]
[Site "Devonport, Auckland NZL"]
[Date "2016.01.04"]
[Round "3.12"]
[White "Sharma, Akshay"]
[Black "George, Sandeep"]
[Result "1/2-1/2"]
[WhiteElo "1361"]
[BlackElo "1710"]
[PlyCount "61"]
[EventDate "2016.01.02"]

1. e4 e5 2. Nf3 Nf6 3. Nxe5 d6 4. Nf3 Nxe4 5. d4 d5 6. Bd3 Be7 7. O-O O-O 8.
Nbd2 Nxd2 9. Bxd2 Nc6 10. h3 Re8 11. Re1 Bf6 12. c3 Rxe1+ 13. Qxe1 Be6 14. Bf4
h6 15. Qe3 g5 16. Be5 Nxe5 17. Nxe5 Qd6 18. Re1 Re8 19. Ng4 Bg7 20. Qf3 Qd8 21.
Bc2 Bxg4 22. Rxe8+ Qxe8 23. hxg4 Qe1+ 24. Kh2 c6 25. Qe3 Qa1 26. Qd3 Qxb2 27.
Qh7+ Kf8 28. Qf5 Qb6 29. Qc8+ Ke7 30. Bf5 a5 31. Qd7+ 1/2-1/2

[Event "New Zealand Major Open 2016"]
[Site "Devonport, Auckland NZL"]
[Date "2016.01.04"]
[Round "3.13"]
[White "Jacobs, Hilton J"]
[Black "Tan, Teck Woon"]
[Result "1/2-1/2"]
[WhiteElo "1704"]
[BlackElo "1505"]
[PlyCount "92"]
[EventDate "2016.01.02"]

1. c4 Nf6 2. Nf3 e6 3. e3 b6 4. a3 Bb7 5. d4 c5 6. Be2 Be7 7. O-O O-O 8. Nc3 d5
9. cxd5 Nxd5 10. Nxd5 Bxd5 11. dxc5 Bxc5 12. b4 Be7 13. Bb2 Nc6 14. Rc1 Bf6 15.
Qc2 Bxb2 16. Qxb2 Qe7 17. Rfd1 Rac8 18. Nd2 Nb8 19. Rc3 Rxc3 20. Qxc3 Bb7 21.
Qb2 Rd8 22. Rc1 Rc8 23. Ra1 Nd7 24. Rd1 Nf6 25. Nb3 e5 26. Nc1 h6 27. Nd3 e4
28. Nc1 Qc7 29. g3 Rd8 30. Re1 Bc8 31. Nb3 Bg4 32. Nd4 Bxe2 33. Rxe2 Rc8 34.
Rc2 Qd7 35. Kg2 Rxc2 36. Qxc2 b5 37. Qc5 a6 38. h3 Nd5 39. Nb3 Nf6 40. Nd4 Nd5
41. Nc6 Nf6 42. Nb8 Qe6 43. g4 Nxg4 44. hxg4 Qxg4+ 45. Kh1 Qf3+ 46. Kg1 Qg4+
1/2-1/2

[Event "New Zealand Major Open 2016"]
[Site "Devonport, Auckland NZL"]
[Date "2016.01.04"]
[Round "3.14"]
[White "Zhang, Leo Li Ao"]
[Black "Cooper, Nigel"]
[Result "0-1"]
[WhiteElo "1361"]
[BlackElo "1692"]
[PlyCount "100"]
[EventDate "2016.01.02"]

1. d4 d5 2. Nf3 c6 3. Bf4 e6 4. c3 Bd6 5. Bg3 Nf6 6. Nbd2 O-O 7. e3 b6 8. Bd3
Ba6 9. Bxa6 Nxa6 10. Qa4 Nb8 11. Bxd6 Qxd6 12. O-O Nbd7 13. Qc2 e5 14. dxe5
Nxe5 15. Nxe5 Qxe5 16. Nf3 Qc7 17. Rad1 Rad8 18. Rfe1 Rd7 19. h3 h6 20. Rd2
Rfd8 21. Red1 Rd6 22. Rd3 R8d7 23. R1d2 Ne4 24. Rd1 Qd8 25. Ne5 Re7 26. Nf3
Ree6 27. Nd2 f5 28. Nf3 g6 29. Nd4 Re7 30. Ne2 Kg7 31. f3 Nc5 32. Rd4 Rxe3 33.
Qd2 Re7 34. c4 Ne6 35. Rd3 Red7 36. Nf4 Nxf4 37. Qxf4 d4 38. Qe5+ Kf7 39. Qf4
Qg5 40. Qxg5 hxg5 41. Kf2 c5 42. b3 Re6 43. Re1 Rde7 44. Rdd1 Kf6 45. g3 Rxe1
46. Rxe1 Rxe1 47. Kxe1 Ke5 48. Kd2 g4 49. hxg4 fxg4 50. f4+ Ke4 0-1

[Event "New Zealand Major Open 2016"]
[Site "Devonport, Auckland NZL"]
[Date "2016.01.04"]
[Round "3.15"]
[White "Vincent, David A"]
[Black "Charles, Dion"]
[Result "0-1"]
[WhiteElo "1273"]
[BlackElo "1629"]
[PlyCount "44"]
[EventDate "2016.01.02"]

1. c4 Nf6 2. Nc3 g6 3. g3 Bg7 4. Bg2 O-O 5. e4 d6 6. d3 c5 7. Nge2 Nc6 8. O-O
a6 9. h3 Qc7 10. Be3 Rb8 11. a4 Nb4 12. Qd2 Bd7 13. f4 e6 14. b3 b5 15. axb5
axb5 16. d4 cxd4 17. Bxd4 bxc4 18. Ra7 Qc8 19. bxc4 Nc6 20. Ra3 Nxd4 21. Qxd4
Nxe4 22. Qxe4 Qc5+ 0-1

[Event "New Zealand Major Open 2016"]
[Site "Devonport, Auckland NZL"]
[Date "2016.01.04"]
[Round "3.16"]
[White "Calitz, Hananke"]
[Black "Yan, Sarah"]
[Result "1-0"]
[WhiteElo "1612"]
[BlackElo "1362"]
[PlyCount "81"]
[EventDate "2016.01.02"]

1. d4 d5 2. Nf3 Nf6 3. c3 c6 4. e3 Bf5 5. Bd3 Bxd3 6. Qxd3 e6 7. Nbd2 Bd6 8. e4
dxe4 9. Nxe4 Nxe4 10. Qxe4 Nd7 11. O-O Nf6 12. Qh4 h6 13. Bg5 Be7 14. Bxf6 Bxf6
15. Qe4 O-O 16. Nd2 Re8 17. f4 Qd5 18. Qxd5 exd5 19. Nf3 Re6 20. Ne5 Rd8 21.
Ng4 Rde8 22. f5 Rd6 23. Rae1 Rxe1 24. Rxe1 Bg5 25. g3 Rd7 26. Re8+ Kh7 27. h4
Bf6 28. Kg2 h5 29. Ne5 Bxe5 30. dxe5 c5 31. e6 fxe6 32. fxe6 Rc7 33. Rd8 Re7
34. Rxd5 Kh6 35. Re5 b6 36. Kf3 g6 37. Kf4 a6 38. c4 b5 39. cxb5 axb5 40. Rxc5
Rxe6 41. Rxb5 1-0

[Event "New Zealand Major Open 2016"]
[Site "Devonport, Auckland NZL"]
[Date "2016.01.04"]
[Round "3.18"]
[White "Fu, Alex"]
[Black "Hooton, Barry R"]
[Result "1/2-1/2"]
[WhiteElo "1034"]
[BlackElo "1593"]
[PlyCount "50"]
[EventDate "2016.01.02"]

1. e4 e6 2. d4 d5 3. Nc3 Nf6 4. Bg5 Be7 5. f3 h6 6. Be3 O-O 7. Bd3 Nc6 8. Qd2
dxe4 9. fxe4 Nh7 10. e5 f5 11. Nf3 Qe8 12. g3 Qh5 13. Be2 Qg6 14. Rg1 Kh8 15.
a3 Qf7 16. Qd3 Rd8 17. Nb5 Bg5 18. Qd2 Bxe3 19. Qxe3 a6 20. Nc3 Bd7 21. Rf1 Qe7
22. Nh4 Be8 23. O-O-O Rab8 24. Bf3 Qg5 25. Qxg5 Nxg5 1/2-1/2

[Event "New Zealand Major Open 2016"]
[Site "Devonport, Auckland NZL"]
[Date "2016.01.04"]
[Round "3.19"]
[White "Chandraveer, Singh Chauhan"]
[Black "Zhang, Jennifer"]
[Result "1-0"]
[WhiteElo "1750"]
[BlackElo "1356"]
[PlyCount "63"]
[EventDate "2016.01.02"]

1. e4 e5 2. Nf3 Nc6 3. Bc4 Bc5 4. O-O d6 5. h3 Nf6 6. Nc3 O-O 7. d3 h6 8. Be3
Bb6 9. Nd5 Nxd5 10. Bxd5 Nd4 11. Nxd4 exd4 12. Bd2 c6 13. Bb3 Re8 14. Qf3 Be6
15. Qg3 Qf6 16. Qxd6 Rad8 17. Qg3 Rd7 18. Rae1 h5 19. Bxe6 Rxe6 20. f4 Qg6 21.
Rf3 Rf6 22. f5 Qh7 23. e5 Bd8 24. exf6 Kf8 25. Qe5 gxf6 26. Qe8+ Kg7 27. Qxd7
Qg8 28. Re8 Qh7 29. Qxd8 c5 30. Bh6+ Kxh6 31. Qxf6+ Qg6 32. Rh8# 1-0

[Event "New Zealand Major Open 2016"]
[Site "Devonport, Auckland NZL"]
[Date "2016.01.04"]
[Round "3.20"]
[White "Picken, Oliver"]
[Black "Blackmore, Matthew"]
[Result "1/2-1/2"]
[WhiteElo "1480"]
[BlackElo "1279"]
[PlyCount "108"]
[EventDate "2016.01.02"]

1. d4 Nf6 2. c4 g6 3. Nc3 d5 4. cxd5 Nxd5 5. e4 Nxc3 6. bxc3 Bg7 7. Bc4 O-O 8.
Be3 c5 9. Nf3 Nc6 10. e5 Bg4 11. Qd2 Bxf3 12. gxf3 cxd4 13. cxd4 e6 14. h4 h5
15. f4 Ne7 16. Bd3 Nd5 17. Rc1 Rc8 18. Ke2 Qd7 19. Rcg1 Ne7 20. f5 exf5 21. Kf1
Qe6 22. Be2 Kh7 23. Bf3 Rc7 24. Rg3 Rfc8 25. Bd1 Nd5 26. Bg5 Qc6 27. Rhg1 Nc3
28. f3 Qc4+ 29. Ke1 Nxa2 30. Qh2 Qc3+ 31. Kf1 Qxd4 32. Qxa2 Qxd1+ 33. Kg2 Rc2+
34. Kh3 Qxg1 35. Qxc2 Rxc2 36. Rxg1 Bxe5 37. f4 Rc3+ 38. Kg2 Bd4 39. Rd1 Rc4
40. Kf3 f6 41. Bxf6 Bxf6 42. Rd7+ Kh6 43. Ke3 Bxh4 44. Rxb7 a5 45. Ra7 Ra4 46.
Kf3 Ra3+ 47. Kg2 a4 48. Ra6 Ra2+ 49. Kh3 Be7 50. Ra7 Bc5 51. Ra5 Be3 52. Kg3 a3
53. Kh4 Bxf4 54. Rxa3 Rxa3 1/2-1/2

[Event "New Zealand Major Open 2016"]
[Site "Devonport, Auckland NZL"]
[Date "2016.01.04"]
[Round "3.21"]
[White "Qin, Nicole Shu Yu"]
[Black "Mathrani, Akarsh"]
[Result "1-0"]
[WhiteElo "1329"]
[BlackElo "1450"]
[PlyCount "43"]
[EventDate "2016.01.02"]

1. d4 g6 2. c4 Bg7 3. Nc3 Nf6 4. Nf3 O-O 5. e3 d6 6. Bd3 Re8 7. O-O e5 8. dxe5
dxe5 9. Qc2 Nc6 10. a3 Qe7 11. Be2 Bf5 12. Qb3 Na5 13. Qa2 Rad8 14. Rd1 Bc2 15.
Rxd8 Rxd8 16. Nd2 Rxd2 17. Bxd2 Nb3 18. Re1 Qd6 19. Bc1 Nxc1 20. Rxc1 Qd2 21.
Rxc2 Qe1+ 22. Bf1 1-0

[Event "New Zealand Major Open 2016"]
[Site "Devonport, Auckland NZL"]
[Date "2016.01.04"]
[Round "3.22"]
[White "Barry, Jacob"]
[Black "Nylund, Timothy"]
[Result "1-0"]
[WhiteElo "911"]
[BlackElo "1400"]
[PlyCount "63"]
[EventDate "2016.01.02"]

1. e4 c5 2. Nc3 d6 3. f4 e5 4. fxe5 dxe5 5. Nf3 Nc6 6. Bb5 Bd7 7. Bxc6 Bxc6 8.
Nxe5 Bd6 9. Nxc6 bxc6 10. O-O Qh4 11. g3 Qh3 12. Qf3 Nf6 13. e5 Bxe5 14. Qxc6+
Ke7 15. Re1 Qe6 16. Qxc5+ Qd6 17. Rxe5+ Kd7 18. Qxd6+ Kxd6 19. d4 Ng4 20. Ne4+
Kc6 21. Rc5+ Kb6 22. a4 Rad8 23. a5+ Ka6 24. d5 Ne5 25. c4 Nd3 26. Be3 Nxb2 27.
Bf4 Rhe8 28. Rc6+ Kb7 29. Nd6+ Rxd6 30. Bxd6 Re2 31. a6+ Ka8 32. Rc8# 1-0

[Event "New Zealand Major Open 2016"]
[Site "Devonport, Auckland NZL"]
[Date "2016.01.04"]
[Round "3.23"]
[White "Mallela, Raivath"]
[Black "Ang, Beatrice Sze Ning"]
[Result "1-0"]
[WhiteElo "1265"]
[BlackElo "1072"]
[PlyCount "113"]
[EventDate "2016.01.02"]

1. d4 d5 2. c4 dxc4 3. e3 Nf6 4. Bxc4 e6 5. Nf3 Nc6 6. O-O Bd6 7. Nc3 Bb4 8.
Qc2 Bxc3 9. bxc3 a6 10. Ba3 Qd7 11. Rfd1 h6 12. Ne5 Qd8 13. Nxc6 bxc6 14. Qa4
Qd7 15. Rab1 Nd5 16. Bxd5 cxd5 17. Qxd7+ Bxd7 18. Rb7 Kd8 19. Rdb1 Bc8 20. Rb8
Rxb8 21. Rxb8 Re8 22. Kf1 Kd7 23. Ke2 c6 24. Kf3 Kc7 25. Rb2 f6 26. Bc5 Kd7 27.
Rb8 Kc7 28. Rb6 g6 29. Rb2 e5 30. dxe5 Rxe5 31. Bb6+ Kd7 32. Bd4 Rf5+ 33. Ke2
g5 34. g4 Rxf2+ 35. Kxf2 Ke7 36. h3 Kd6 37. Bxf6 Ke6 38. Bg7 Kf7 39. Bxh6 Kg6
40. Bf8 Kf7 41. Bh6 Kg6 42. Rb6 Kxh6 43. Rxc6+ Be6 44. Rxe6+ Kg7 45. Rxa6 Kf7
46. Kf3 Kg7 47. e4 dxe4+ 48. Kxe4 Kf7 49. Kf5 Ke7 50. Re6+ Kd7 51. Ke5 Kc7 52.
Rd6 Kb7 53. Kd5 Kc7 54. Kc5 Kb7 55. Rc6 Kb8 56. Kb6 Ka8 57. Rc8# 1-0

[Event "New Zealand Major Open 2016"]
[Site "Devonport, Auckland NZL"]
[Date "2016.01.04"]
[Round "3.24"]
[White "Li, Leo Xiang Yu"]
[Black "Zhang, Toby"]
[Result "1/2-1/2"]
[WhiteElo "1222"]
[BlackElo "937"]
[PlyCount "110"]
[EventDate "2016.01.02"]

1. e4 c5 2. Nf3 e6 3. d4 cxd4 4. Nxd4 a6 5. Nc3 Qc7 6. Be3 b5 7. f4 Bb7 8. e5
Nc6 9. Qd2 Nh6 10. Be2 Nxd4 11. Bxd4 Nf5 12. Rg1 Nxd4 13. Qxd4 Bc5 14. Nxb5
axb5 15. Qc3 Bb6 16. Qxc7 Bxc7 17. Bxb5 Bd5 18. c4 Bb6 19. cxd5 Bxg1 20. dxe6
fxe6 21. O-O-O Be3+ 22. Kb1 Rd8 23. g3 Ke7 24. a4 d6 25. exd6+ Rxd6 26. Re1 Bb6
27. Bc4 Rc6 28. b3 Ba5 29. Re2 Rb8 30. Ka2 Rg8 31. f5 g6 32. Bxe6 Kf6 33. Bxg8
gxf5 34. Bxh7 Kg5 35. Re5 Bc7 36. Rxf5+ Kh6 37. Bg8 Rc2+ 38. Ka3 Bd6+ 39. b4
Rxh2 40. Rf6+ Kg7 41. Rxd6 Kxg8 42. b5 Rh3 43. Rc6 Rxg3+ 44. Kb4 Rg4+ 45. Kc5
Rxa4 46. Ra6 Rh4 47. Rd6 Rh1 48. Kc6 Rc1+ 49. Kd7 Rc5 50. b6 Rb5 51. Rg6+ Kf8
52. Kc6 Rb1 53. b7 Rc1+ 54. Kd7 Kf7 55. b8=Q Kxg6 1/2-1/2

[Event "New Zealand Major Open 2016"]
[Site "Devonport, Auckland NZL"]
[Date "2016.01.04"]
[Round "3.25"]
[White "Oka, Itsuki"]
[Black "Goh, Julien"]
[Result "1/2-1/2"]
[WhiteElo "362"]
[BlackElo "1170"]
[PlyCount "110"]
[EventDate "2016.01.02"]

1. d4 d5 2. c4 e6 3. Nc3 Nf6 4. Bf4 c5 5. Qa4+ Bd7 6. Qb3 b6 7. e3 Nc6 8. cxd5
exd5 9. Nxd5 Be6 10. Nc7+ Qxc7 11. Bxc7 Bxb3 12. axb3 cxd4 13. Bb5 Kd7 14. Rc1
Kxc7 15. Rxc6+ Kb7 16. Rc4 Rd8 17. exd4 a6 18. Bc6+ Ka7 19. b4 Rc8 20. b5 axb5
21. Bxb5 Rxc4 22. Bxc4 Bb4+ 23. Kd1 Ne4 24. Ke2 f5 25. Nf3 Re8 26. Ra1+ Kb8 27.
Ne5 Nf6 28. Kd3 Bd6 29. Nc6+ Kc7 30. Bb5 Bf8 31. Ra7+ Kd6 32. Ne5 Re7 33. Nc4+
Ke6 34. Ra6 Ng4 35. Rxb6+ Kf7 36. Nd6+ Kg8 37. Bc4+ Kh8 38. Kc3 Nxf2 39. Rb8 h6
40. Rxf8+ Kh7 41. Nxf5 Nd1+ 42. Kb3 Ne3 43. Rf7 Nxc4 44. Kxc4 Re2 45. b4 Rxg2
46. b5 Rc2+ 47. Kd5 Rb2 48. Rb7 Rxh2 49. b6 Rb2 50. Kc5 h5 51. Ra7 h4 52. b7 h3
53. Ra1 h2 54. Rh1 g5 55. Re1 g4 1/2-1/2